Biblioteca

Ética y manipulación genética (Registro nro. 70092)

Detalles MARC
000 -LÍDER
Campo fijo de descripción fija 01518nab a2200241 i 4500
001 - NÚMERO DE CONTROL
Campo de control 768714001
003 - IDENTIFICADOR DEL NÚMERO DE CONTROL
Campo de control CO-MdFUSB
005 - FECHA Y HORA DE LA ULTIMA TRANSACCIÓN
control field 20240607110541.0
008 - ELEMENTOS DE LONGITUD FIJA -- INFORMACIÓN GENERAL
Campo fijo de descripción fija -- Información general 240607t1980 ag ||||| |||| 00| 0 spa d
040 ## - FUENTE DE CATALOGACIÓN
Idioma de catalogación spa
Agencia que realiza la transcripción CO-MdFUSB
Agencia que realiza la modificación CO-MdFUSB
041 ## - CÓDIGO DE IDIOMA
Código de idioma para texto/pista de sonido o título separado spa
100 ## - ASIENTO PRINCIPAL--NOMBRE PERSONAL
Nombre personal Mañón Rossi, Wilfredo, ‎
Término relacionador autor
245 ## - TÍTULO
Título Ética y manipulación genética
Mención de responsabilidad / Wilfredo Mañon Rossi
520 ## - NOTA DE RESUMEN, ETC.
Nota de sumario, etc. No sabemos si es un atrevimiento de parte nuestra el tratar de caminar por senderos que teólogos, filósofos y científicos difícilmente osan transitar. Dos circunstancias nos impelen a hacerlo: primero, que después de todo estos problemas éticos nos conciernen a todos y quizás de manera particular a los genetistas, como parte interesada del asunto en cuestión. En segundo lugar, que estamos en el deber de compartir con el público latinoamericano nuestra preocupación en torno a acontecimientos en el mundo de la ciencia y más específicamente en el campo de la genética, ya que el avance de esta novísima rama del saber humano plantea acuciantes problemas éticos.
650 #7 - ASIENTO SECUNDARIO DE MATERIA - TERMINO TEMÁTICO
Término temático o nombre geográfico como elemento de entrada Ética social.
9 (RLIN) 186
650 #7 - ASIENTO SECUNDARIO DE MATERIA - TERMINO TEMÁTICO
Término temático o nombre geográfico como elemento de entrada Bioética
9 (RLIN) 7286
650 #7 - ASIENTO SECUNDARIO DE MATERIA - TERMINO TEMÁTICO
Término temático o nombre geográfico como elemento de entrada Bioética
Subdivisión general Aspectos religiosos
9 (RLIN) 7287
650 #7 - ASIENTO SECUNDARIO DE MATERIA - TERMINO TEMÁTICO
Término temático o nombre geográfico como elemento de entrada Antropología cultural y social
9 (RLIN) 6714
650 #7 - ASIENTO SECUNDARIO DE MATERIA - TERMINO TEMÁTICO
Término temático o nombre geográfico como elemento de entrada Psicología evolutiva
9 (RLIN) 7220
773 0# - ASIENTO DE ITEM FUENTE
Biblionumber 69974
Itemnumber 82719
Lugar, editorial y fecha de publicación Buenos Aires
Otro identificador del ítem R2611
Título Certeza
Número de control del registro (CO-MdFUSB)768714001
Parte(s) relacionada(s) / Volumen., número. (mes año), páginas Número 76, (enero - marzo, 1980) páginas: 114 - 118
Enumeración y primera página página: 114
942 ## - TIPO DE MATERIAL (KOHA)
Tipo de Item KOHA Artículos de Revista
945 ## - INFORMACIÓN LOCAL DEL REGISTRO
Catalogador Catherine Arias Álvarez - Practicante SENA

No hay ítems disponibles.

Biblioteca FUSBC | Teléfono: (57+4) 349 88 10 Ext. 141| WhatsApp (+57) 3005338115 
E-mail: biblioteca@unisbc.edu.co | Calle 76 87-14 Robledo Palenque, Medellín, Colombia

Con tecnología Koha